The India fan /

Drusilla, the daughter of the local vicar, becomes inextricably bound to the wealthy Framling family and through them becomes the heir to a peacock fan that is cursed.

Bibliographic Details
Main Author: Holt, Victoria, 1906-1993
Format: Book
Language:English
Published: New York : Doubleday, [1988]
Edition:1st ed.
Subjects:

MARC

Tag First Indicator Second Indicator Subfields
LEADER 00000cam a2200000 a 4500
001 in00000029296
005 20171028063738.0
008 871211s1988 nyu 000 1 eng
010 |a  87036497  
019 |a 18387258  |a 733660792 
020 |a 0385246005 :  |c $18.95 
020 |a 9780385246002 
035 |a (OCoLC)ocm17296106 
035 |9 AAC0218AM 
035 |a (OCoLC)17296106  |z (OCoLC)18387258  |z (OCoLC)733660792 
040 |a DLC  |b eng  |c DLC  |d BAKER  |d BTCTA  |d YDXCP  |d OCLCQ  |d OCLCG  |d BRENT  |d ZE3  |d OCLCQ  |d GBVCP  |d OCLCO  |d UtOrBLW 
049 |a TXAM  |c [A11033452] 
050 0 0 |a PR6015.I3  |b I5 1988 
082 0 0 |a 823/.914  |2 19 
100 1 |a Holt, Victoria,  |d 1906-1993. 
245 1 4 |a The India fan /  |c Victoria Holt. 
250 |a 1st ed. 
264 1 |a New York :  |b Doubleday,  |c [1988] 
264 4 |c ©1988 
300 |a 404 pages ;  |c 25 cm. 
336 |a text  |b txt  |2 rdacontent 
337 |a unmediated  |b n  |2 rdamedia 
338 |a volume  |b nc  |2 rdacarrier 
520 |a Drusilla, the daughter of the local vicar, becomes inextricably bound to the wealthy Framling family and through them becomes the heir to a peacock fan that is cursed. 
650 0 |a Romance fiction. 
650 0 |a Detective and mystery stories. 
655 7 |a Romantic suspense fiction.  |2 gsafd 
994 |a C0  |b TXA 
999 |a MARS 
999 f f |s c667d078-4f79-32ff-960a-62930c9f8859  |i f8d68591-ae59-3543-b0d7-e7520de5d25b  |t 0 
952 f f |p normal  |a Texas A&M University  |b College Station  |c Sterling C. Evans Library  |d Evans: Library Stacks  |t 0  |e PR6015.I3 I5 1988  |h Library of Congress classification  |i unmediated -- volume  |m A14811033542 
998 f f |a PR6015.I3 I5 1988  |t 0  |l Evans: Library Stacks